Dinosauři : 200 otázek a odpovědí /

Další autoři: Kolářová, Lenka
Jazyk: Čeština
Vydáno: Praha : Argo, 2008
Vydání: Vyd. 1.
Edice: Už to vím! (Argo)
Témata:
Externí odkaz: Digitalizovaný dokument
Fyzický popis: 79 s. : barev. il. ; 27 cm
Knihy
Uloženo v:
LEADER 01697nam a2200481 a 4500
001 nkc20081790821
003 CZ PrNK
005 20260119133613.0
007 ta
008 080208s2008 xr a b f 001 0 cze
015 |a cnb001790821 
020 |a 978-80-7203-988-3  |q (váz.) 
035 |a (OCoLC)316297764 
040 |a OLA001  |b cze  |d ABA001 
041 1 |a cze  |h fre 
072 7 |a 56  |x Paleontologie  |2 Konspekt  |9 7 
072 7 |a 0/9-053.2  |x Literatura pro děti a mládež (naučná)  |2 Konspekt  |9 26 
080 |a 598.192  |2 MRF 
080 |a (0.062)  |2 MRF 
080 |a (0.053.2)  |2 MRF 
245 0 0 |a Dinosauři :  |b 200 otázek a odpovědí /  |c [z francouzského originálu ... přeložila Lenka Kolářová] 
250 |a Vyd. 1. 
260 |a Praha :  |b Argo,  |c 2008 
300 |a 79 s. :  |b barev. il. ;  |c 27 cm 
490 1 |a Už to vím! 
500 |a Terminologický slovník 
500 |a Obsahuje rejstřík 
521 8 |a Pro děti od 7 let 
650 0 7 |a dinosauři  |7 ph114326  |2 czenas 
650 0 9 |a dinosaurs  |2 eczenas 
655 7 |a populárně-naučné publikace  |7 fd131864  |2 czenas 
655 7 |a publikace pro děti  |7 fd133156  |2 czenas 
655 9 |a popular works  |2 eczenas 
655 9 |a children's literature  |2 eczenas 
700 1 |a Kolářová, Lenka  |7 xx0086315  |4 trl 
765 0 |t Dinosaures en 200 questions  |9 Česky 
830 0 |a Už to vím! (Argo)  |0 s 
856 4 1 |u http://www.digitalniknihovna.cz/mzk/uuid/uuid:ee649da0-0b73-11ee-a264-005056827e51  |y Digitalizovaný dokument  |x NDK 
910 2 |a BOA001  |b 3-1215.768 
990 |a BK 
995 |a 01 
991 |b 200812  |c NOV 
996 6 |b 2610362086  |c 3-1215.768  |l MZK  |r Sklad / do 1 hodiny  |n 1  |p p.v.  |w 000924090  |u 000010  |a 1  |e BOA001  |j MZK50  |s P